000 00745nam a2200193 a 4500
008 120416s1994 ||||||||||||||||| || u
020 _a0821328557
050 _aIBRD(02)
100 _aWigg, David
245 1 0 _aIn a class of their own: a look at the campaign against female illiteracy
260 _aWashington, D.C.
_bWorld Bank
_c1994
350 _a0.00
490 _aWorld Bank Development Essays
650 _aINDONESIA--ECONOMIC CONDITIONS
650 _aWOMEN--EDUCATION--INDONESIA--CASE STUDIES
650 _aLITERACY--INDONESIA--CASE STUDIES
710 _aWorld Bank
995 _D0.00
_FCBU-MAIN LIBRARY (Kitwe)
_H1
_I0.00
_M1
_UAVAILABLE
_WAug 9, 2007
_ZAnnex Low-Usage Collection
999 _c46536
_d46536